000 00202nam a2200073Ia 4500
008 170524s9999 xx 000 0 und d
100 _aRAO- T V
245 0 _a360 DEGREE FEEDBACK AND PERFORMANCE MANAGEMENT SYSTEM
260 _bEXCEL BOOKS
999 _c8256
_d8256